Zakladanie porastov kukurice na zrno a siláž

Podrobná bibliografia
Hlavný autor: Kulcsár, Zoltán (Autor)
Médium: Článok
Jazyk:slovenčina
Fyzický popis:Tab.
ISSN:1335-2466
Predmet:

MARC

LEADER 00000nab a2200000 a 4500
001 vtls000838456
003 SK-MaSNL
005 20260304111702.0
008 250429c2003 xo 0 slo
015 |a SNBRB2003/07-18315 
035 |a CLN000190111 
035 |a urn:nbn:sk:snk-abqbj 
035 |a (urnnbn)urn:nbn:sk:snk:ar-a04er8 
035 |a (uuid)196ea06d-eb05-4cc8-aa0f-7d594c1ab8b3 
040 |a SNKBUCL  |b slo  |c SNKBUCL  |e AACR2 
041 0 |a slo 
044 |a xo  |c SK 
080 |a 633.15:631.5  |2 1997 
100 1 |a Kulcsár, Zoltán  |4 aut  |9 1108458 
245 1 0 |a Zakladanie porastov kukurice na zrno a siláž  |c Zoltán Kulcsár 
300 |b Tab. 
650 0 7 |a kukurica na zrno  |x porasty  |x zakladanie  |2 snkbucl  |9 1412424 
650 0 7 |a kukurica na siláž  |x porasty  |x zakladanie  |2 snkbucl  |9 1412425 
655 7 |a články z novín a časopisov  |2 snkbucl  |9 267496 
773 0 |t Naše pole  |g Roč. 7, č. 4 (2003), s. 22-23  |x 1335-2466 
850 |a Slovenská národná knižnica 
852 |a Slovenská národná knižnica 
954 |a odborná, vedecká literatúra pôvodná (slovenská)  |2 lita 
958 |a article27 
958 |a OND 
958 |a EUIPO 
992 |a RBX 
999 |c 2863039  |d 2864969